Němčina pro začátečníky

Bibliographic Details
Main Author: Baumbach, Rudolf (Author)
Format: Book
Language:Czech
PhysicalDescription:197 s. 4°
Published: Praha Olomouc SPN Univ. Palackého [vyd.] 1986
Edition:1. vyd.
Subjects:

MARC

LEADER 00000cam a2200000 a 4500
001 vtls001057382
003 SK-MaSNL
005 20260301110607.0
008 240509s1986 xr 00100 cze
035 |a SNK000000182 
040 |a SNK  |b slo  |c SNK  |e AACR2 
041 0 |a cze 
044 |a xr  |c CZ 
080 |a 803.0(075.8)  |2 1981 
100 1 |a Baumbach, Rudolf  |4 aut  |9 448910 
245 1 0 |a Němčina pro začátečníky  |c Rudolf Baumbach 
250 |a 1. vyd. 
260 |a Praha  |b SPN  |a Olomouc  |b Univ. Palackého [vyd.]  |c 1986 
300 |a 197 s.  |c 4° 
650 0 7 |a nemčina  |2 SNKPH  |9 1384 
655 7 |a Textbooks (higher)  |2 SNKPHeng  |9 276436 
655 7 |a učebnice vysokých škôl  |2 SNKPH  |9 70191 
958 |a RK 
958 |a OND 
958 |a CZ 
999 |c 703545  |d 705475 
952 |t P60, <04>, [BOOK], {604}  |a SNK  |b SNK  |y VYP  |7 0  |o snkIB 56963  |i snkKIP 9755/86  |0 0  |1 0  |4 0  |d 1995-01-25  |l 0  |r 2004-12-31 00:00:00  |w 2026-02-23 
952 |t P60, <04>, [BOOK], {604}  |a SNK  |b SNK  |y VYP  |7 0  |o snkIB 56963 D1  |i snkKIP 9756/86  |0 0  |1 0  |4 0  |d 1995-01-25  |l 0  |r 2004-12-31 00:00:00  |w 2026-02-23